MDQL
is popping MORE tags! Check the
thread
!
Quizzes
Events
Quiz Creation
Community
Videos
Private Events
Remove Ads
Sign In
Join for FREE
Feedback
Dark Mode
Quiz Categories
Sports
Geography
Music
Movies
Television
Just For Fun
Miscellaneous
History
Literature
Language
Science
Gaming
Entertainment
Religion
Holiday
For Kids
Quiz Lab
Recent
Popular Today
Quiz Kudos Today
Editor Picks
Curator Picks
Quizzes by...
Day
Popularity
Type
Ratings
Length
Year
Community
Subscriptions
Recent Discussions
Orange Saloon
Badges
Playlists
Quests
Create
Leaderboards
Showdown
Live 5
Trivia Bingo
Activity
Puzzle Library
Sporcle Events
Private Events
Virtual Trivia
Globe League
Become a Host
Pub Owners
SporcleCon
Opinionation
Our Games
Videos
Blog
Mobile Apps
Partnerships
Remove Ads and Go Orange
Feedback
Miscellaneous
Crossword
General Knowledge
Baby Names
Logo
Food
Cars
Numbers
Grab Bag
University
College
Popular
Company
Slogans
Restaurants
Justice
Letter
Miscellaneous
Crossword
General Knowledge
Baby Names
Logo
Food
Cars
Numbers
Grab Bag
University
College
Popular
Company
Slogans
Restaurants
Justice
Letter
Random Quiz
Search Sporcle
×
Quiz Lab
Quiz Lab
Miscellaneous
asset
Type in answers that appear in a list
Type in answers that appear in a list
Classic
Best Score? Go Orange.
Top 30 US Banks Stats
Can you name the 30 largest banks in the US, based on total assets?
By
oogie20
10m
30 Questions
398 Plays
398 Plays
398 Plays
Comments
Comments
Give Quiz Kudos
Give Quiz Kudos
-
- Ratings
hide this ad
Replay
Link that replays current quiz
Next Quiz
Link to next quiz in quiz playlist
You Got
0%
They Got
Avg Score
33%
Avg Friend Score
Upgrade to see
Score Distribution
Jump to the score distribution portion of the page
Score
0/30
Timer
10:00
0
Plays Today
Ranking
Bank
% Correct
1
Bank of America Corporation
91.5%
2
JPMorgan Chase & Co.
85.4%
3
Citigroup Inc.
80.4%
4
Wells Fargo & Company
80.2%
11
US Bancorp
50.8%
5
The Goldman Sachs Group, Inc.
45.7%
12
The PNC Financial Services Group, Inc.
44.7%
6
Morgan Stanley
42.5%
18
TD Bank US Holding Company
41.7%
10
HSBC North America Holdings Inc.
38.9%
14
Capital One Financial Corporation
33.2%
16
Suntrust Banks, Inc.
31.2%
23
Fifth Third Bancorp
28.6%
21
Citizens Financial Group, Inc.
27.4%
8
Barclays Group US Inc.
25.1%
Ranking
Bank
% Correct
24
KeyCorp
23.9%
22
Regions Financial Corporation
23.1%
13
The Bank of New York Mellon Corporation
21.9%
19
BB&T Corporation
21.4%
20
American Express Company
19.6%
9
Taunus Corporation
19.3%
7
MetLife, Inc.
16.8%
15
Ally Financial Inc.
16.1%
28
M&T Bank Corporation
15.3%
17
State Street Corporation
13.8%
27
Bancwest Corporation
13.6%
30
BBVA USA Bancshares, Inc.
11.8%
26
Northern Trust Corporation
11.1%
25
UnionBanCal Corporation
10.6%
29
Harris Financial Corp.
10.1%
Quiz Playlist
Details
Report
Send in Message
Add To Playlist
Classic:
Type in answers that appear in a list
Quiz Source
Last Updated: Feb 16, 2017
Quiz Scoreboard
CHALLENGE
Sign Up to Join the Scoreboard
Show All
Scores
Hide
Comments
May contain spoilers
Recently Published
Find the 'City' Movie
by crazypaving
Movies
60s
5x2 Blitz: Bands
by SL_Kpop136
Music
30s
Colored Red Africa Blitz
by spor1
Geography
30s
More to Explore
Quiz From the Vault
Featured Blog Post
14 Easter Pick-up Lines to Find Eggs With
hide this ad
You Might Also Like...
Tags
asset
bank
largest
total
Today's Top Quizzes in Miscellaneous
Browse Miscellaneous
hide this ad
Top Contributed Quizzes in Miscellaneous
1
5-to-1: Fast Food
2
The JOE quick-fire general knowledge quiz: Day 174
3
9x9 Crossword: Disney Movie Titles
4
9x9 Crossword: Charlie and the Chocolate Factory
5
9x9 Crossword: 2022 Movies
6
9x9 Crossword: Pixar Movie Titles
7
9x9 Crossword: Actors
8
9x9 Crossword: Flags
9
9x9 Crossword: Mario
10
9x9 Crossword: The Simpsons
Explore More
Trending Topics
Crossword
Harry Potter
Marvel
NBA
Disney
Kpop
Anime
WWE
The Office
Country
NFL
Puzzle
Song
Soccer
Pokémon
hide this ad
More By:
oogie20
Quiz
Plays
Rating
Category
Featured
Created
Bands in Spanish
1,767
4.13
Music
Oct 10, 2010
Wikipedia Auto-Completed Names
1,177
4.38
Miscellaneous
Sep 5, 2010
Complete the Puns
560
4.25
Language
Jun 26, 2010
Popular Websites by Letter
526
4.00
Miscellaneous
Feb 21, 2010
Top 30 US Banks
398
4.75
Miscellaneous
Aug 22, 2010
Go to Creator's Profile
Score Distribution
Quiz Creator Spotlight
oogie20
Follow
Send a Message
Quizzes Created
-
Created Quiz Play Count
-
More By This Creator
Popular Quizzes Today
1
Colored Red Africa Blitz
2
Find the 'City' Movie
3
Find the US States - No Outlines Minefield
4
5x2 Blitz: Bands
5
The Countries of the World
6
Find the US States
7
US States
8
Find the Countries of Europe - No Outlines Minefield
More Miscellaneous Quizzes
Shoe Brand Logos
Published
Trending Quizzes
Colored Red Europe Blitz I
Colored Red Africa Blitz II
Colored Red Europe Blitz II
Colored Red Africa Blitz III
Colored Red Europe Blitz III
Recently Updated
How Do You Spell That?
pecheneg
Godzilla Movies
pecheneg
Grab Bag: 4-10 Letters
pecheneg
2024 March Madness Bracket
pecheneg
Famous TV Couples
Peacemaker
Champions League XIs: Real Madrid
pecheneg
Largest US Cities 1790-2010
pecheneg
Rides in Walt Disney World
pecheneg
Most Oscar Losses (Acting)
pecheneg
Beyoncé Albums
pecheneg
Trending Topics
Marvel
Kpop
NBA
Harry Potter
Anime
Crossword
Disney
The Office
Puzzle
Soccer
WWE
Pokémon
Song
Country
NFL
Your Account Isn't Verified!
In order to create a playlist on Sporcle, you need to verify the email address you used during registration. Go to your
Sporcle Settings
to finish the process.
Report this User
Report this user for behavior that violates our
Community Guidelines
.
Details:
Send Report
Go to the Sporcle.com Mobile Site →
Comments